| 000 | 00773nam a22002052 4500 | ||
|---|---|---|---|
| 001 | 0000013184 | ||
| 005 | 20151217152123.0 | ||
| 008 | 090618s xx 000 0 eng d | ||
| 040 |
_aKABU _cKABU |
||
| 110 | 2 |
_aHeinrich Boll Foundation. _@0000158885 |
|
| 245 | 1 | 4 |
_aThe Boll breakfast briefing at the World Summit for Sustainable Development, Johannesburg, August 26th - September 4th, 2002 / _cHeinrich Boll Foundation. |
| 250 | _a1st ed. | ||
| 260 |
_aBrussels : _bHeirich Boll Foundation, _c2003. |
||
| 300 | _a35 p. | ||
| 650 | 0 |
_aSustainable development _vCongresses. _@0000158886 |
|
| 650 | 0 |
_aSustainable development _xInternational cooperation. _@0000164382 |
|
| 852 | 1 | _9p100 KES | |
| 908 | _a090618 | ||
| 950 | _@1 | ||
| 999 |
_c8477 _d8477 |
||